Normal view
MARC view
- التدخل الانساني - العلاقات الدولية - حقوق الانسان (قانون دولى) - التدخل (قانون دولي)
Entry Topical Term
001 - CONTROL NUMBER
- control field: 12055
003 - CONTROL NUMBER IDENTIFIER
- control field: JO-AjAnu
005 - DATE AND TIME OF LATEST TRANSACTION
- control field: 20230606072231.0
008 - FIXED-LENGTH DATA ELEMENTS
- fixed length control field: 230606|| aca||aabn | a|a d
040 ## - CATALOGING SOURCE
- Original cataloging agency: JO-AjAnu
- Transcribing agency: JO-AjAnu
150 ## - HEADING--TOPICAL TERM
- Topical term or geographic name entry element: التدخل الانساني - العلاقات الدولية - حقوق الانسان (قانون دولى) - التدخل (قانون دولي)
670 ## - SOURCE DATA FOUND
- Source citation: Work cat.: (JO-AjAnu)6210: مخادمة، محمد علي ،مؤلف, author 12054, حقوق الانسان في النظام القانوني الاردني والدولي